Truyện kể cho trẻ mầm non Truyện kể về các con thú nhỏ

保存先:
書誌詳細
第一著者: Thanh, Nga
フォーマット: 図書
言語:Undetermined
出版事項: H. Giáo dục 2005
主題:
オンライン・アクセス:http://lrc.tdmu.edu.vn/opac/search/detail.asp?aID=2&ID=4391
タグ: タグ追加
タグなし, このレコードへの初めてのタグを付けませんか!
Thư viện lưu trữ: Trung tâm Học liệu Trường Đại học Thủ Dầu Một
LEADER 00672nam a2200205Ia 4500
001 TDMU_4391
008 210410s9999 xx 000 0 und d
082 |a 372.2167 
090 |b TH107 
100 |a Thanh, Nga 
245 0 |a Truyện kể cho trẻ mầm non 
245 0 |c Thanh Nga 
245 0 |p Truyện kể về các con thú nhỏ 
260 |a H. 
260 |b Giáo dục 
260 |c 2005 
300 |a 62tr. 
650 |a Truyện kể loài vật; Giáo dục mầm non  |x Truyện kể 
856 |u http://lrc.tdmu.edu.vn/opac/search/detail.asp?aID=2&ID=4391 
980 |a Trung tâm Học liệu Trường Đại học Thủ Dầu Một